| 000 | 00619nam a2200253 a 4500 | ||
|---|---|---|---|
| 001 | 31254 | ||
| 003 | AR-BaAGN | ||
| 005 | 20231116150031.0 | ||
| 007 | ta | ||
| 008 | 220625s1998 ag |||||r|||| ||||||spa d | ||
| 020 | _a950-12-6507-2 | ||
| 040 |
_dAR-BaAGN _aAR-BaAGN _bspa _eaacr |
||
| 100 | 1 | _aCasullo, Nicolás | |
| 245 | 1 | 0 | _aModernidad y cultura crítica |
| 250 | _a1ª ed. | ||
| 260 |
_aBuenos Aires : _bPaidós, _c1998. |
||
| 300 | _a229 páginas | ||
| 336 |
_2rdacontent _btxt |
||
| 337 |
_2rdamedia _bn |
||
| 338 |
_2rdacarrier _bnc |
||
| 650 | 4 |
_aFILOSOFÍA _91702 |
|
| 942 | _cLIBRO | ||
| 999 |
_c31254 _d31254 |
||